Statystyki dla Powiaty na literę S

Kliknij tutaj aby rozwiązać quiz!

Ogólne statystyki

  • Ten quiz został rozwiązany 237 razy
  • Średni wynik to 28 z 42

Statystyki odpowiedzi

WojewództwoPowiat% Poprawnych
zachodniopomorskieSzczecin
90%
podlaskiesuwalski
85%
podkarpackiesanocki
79%
świętokrzyskiesandomierski
78%
łódzkiesieradzki
78%
pomorskieSłupsk
78%
mazowieckiesiedlecki
76%
łódzkieskierniewicki
76%
podlaskieSuwałki
76%
pomorskiesłupski
75%
świętokrzyskiestarachowicki
74%
mazowieckieSiedlce
72%
śląskieSiemianowice Śląskie
72%
podlaskiesiemiatycki
71%
pomorskieSopot
71%
świętokrzyskieskarżyski
69%
śląskieSosnowiec
69%
łódzkieSkierniewice
68%
zachodniopomorskieszczecinecki
68%
podlaskiesejneński
67%
pomorskiestarogardzki
65%
opolskiestrzelecki
65%
podlaskiesokólski
64%
świętokrzyskiestaszowski
64%
zachodniopomorskiestargardzki
63%
małopolskiesuski
63%
warmińsko-mazurskieszczycieński
63%
podkarpackiestalowowolski
61%
kujawsko-pomorskiesępoleński
60%
wielkopolskiesłupecki
60%
mazowieckiesokołowski
60%
lubuskiesłubicki
59%
lubuskiesulęciński
58%
wielkopolskieszamotulski
58%
mazowieckiesochaczewski
57%
pomorskiesztumski
57%
zachodniopomorskiesławieński
56%
dolnośląskiestrzeliński
54%
mazowieckieszydłowiecki
51%
mazowieckiesierpecki
46%
podkarpackiestrzyżowski
46%
lubuskiestrzelecko-drezdenecki
43%

Rozkład punktacji

Percentyl według liczby udzielonych odpowiedzi

Procent ludzi z każdym wynikiem

Twoja historia wyników

Nie rozwiązałeś tego quizu